| Tag |
First Indicator |
Second Indicator |
Subfields |
| LEADER |
00000cam a2200000 a 4500 |
| 001 |
in00000927872 |
| 005 |
20150925102701.0 |
| 008 |
901001s1989 fr a b 10000 fre d |
| 020 |
|
|
|a 2864330342
|
| 035 |
|
|
|a (OCoLC)22454659
|
| 035 |
|
|
|9 AER8108AM
|
| 040 |
|
|
|a UIU
|c UIU
|d UtOrBLW
|
| 041 |
0 |
|
|a fre
|a eng
|
| 049 |
|
|
|a TXAM
|
| 082 |
0 |
4 |
|a 809.93324531
|b Im1
|2 20
|
| 090 |
|
|
|a PN6071.V4
|b I42 1989
|
| 245 |
0 |
2 |
|a L'Image de Venise au temps de la Renaissance /
|c directeur de la publication, M.T. Jones-Davies.
|
| 264 |
|
1 |
|a Paris :
|b Touzot,
|c 1989.
|
| 300 |
|
|
|a 241 pages :
|b illustrations ;
|c 22 cm.
|
| 336 |
|
|
|a text
|b txt
|2 rdacontent
|
| 337 |
|
|
|a unmediated
|b n
|2 rdamedia
|
| 338 |
|
|
|a volume
|b nc
|2 rdacarrier
|
| 490 |
1 |
|
|a Centre de recherches sur la renaissance ;
|v 14
|
| 500 |
|
|
|a French and English.
|
| 500 |
|
|
|a Papers presented at a colloquium L'image de Venise au temps de la Renaissance, 18-19 November 1988 and 10-11 March 1989.
|
| 500 |
|
|
|a At head of title: Université de Paris-Sorbonne, Société internationale de recherches interdisciplinaires sur la Renaissance, S.I.R.I.R. Centre de recherches sur la Renaissance.
|
| 504 |
|
|
|a Includes bibliographical references.
|
| 650 |
|
0 |
|a Venice (Italy) in literature
|x Congresses.
|
| 650 |
|
0 |
|a European literature
|y Renaissance, 1450-1600
|x History and criticism
|v Congresses.
|
| 700 |
1 |
|
|a Jones-Davies, Marie Thérèse.
|
| 710 |
2 |
|
|a Centre de recherches sur la Renaissance.
|
| 710 |
2 |
|
|a Société internationale de recherches interdisciplinaires sur la Renaissance.
|
| 830 |
|
0 |
|a Centre de recherches sur la Renaissance (Series) ;
|v 14.
|
| 999 |
|
|
|a MARS
|
| 999 |
f |
f |
|s 04270b58-bb5f-3807-9841-b0b18f67ef05
|i d0a0cf5e-82d3-3fa8-b0a0-dab8872ad2fd
|t 0
|
| 952 |
f |
f |
|p ric
|a Texas A&M University
|b Rellis Campus
|c Joint Library Facility
|d Remote Storage
|t 0
|e PN6071.V4 I42 1989
|h Library of Congress classification
|i unmediated -- volume
|m A14814101069
|
| 998 |
f |
f |
|a PN6071.V4 I42 1989
|t 0
|l Remote Storage
|